000 00503nam a2200193Ia 4500
003 GCL
008 140319s9999 xx 000 0 eng d
040 _aGCL /
_cGCL
082 0 4 _aCC
_b932
_bQ L
100 1 _aSPENCER, JEFFREY
245 1 0 _aLE LIVRE DE L'ANCIENNE EGYPTE /
_cSPENCER, JEFFREY
700 1 _aQUIKE, STEPHEN
700 1 _aCANAL, DENIS ARMAND
260 _a[S.N] :
_bPHILIPPE LEBAUD ،
_c1995
300 _a252 P
650 0 4 _aANCIENT EGYPT
650 0 4 _aEGYPTOLOGY
942 _2ddc
_cBK
999 _c15384
_d15384